00500 a2200157 4500020002400000050001900024100002000043245008900063264004600152300002700198440001600225500001600241504004100257650003400298651001000332 a9221022048 (pbk.) :00aTE119 VEE 19801 aVeen, J. J. de.14aThe Rural Access Roads Programme :bappropriate technology in Kenya /cJ.J. de Veen. aGenevabInternational Labour Officec1980 aviii, 167 p. :bill. ; 2aA WEP study aA WEP Study aIncludes bibliographical references. aRural Access Roads Programme. aKenya